WWF/WWE Wrestlemania Match Winners - Statistics

General Stats
  • This quiz has been taken 314 times
    2 since last reset
  • The average score is 132 of 263
Answer Stats
Superstar % Correct
AJ Lee
100%
Albert
100%
Alberto Del Rio
100%
Alexa Bliss
100%
Baron Corbin
100%
Batista
100%
Bayley
100%
Bianca Belair
100%
Big Show
100%
Billy Gunn
100%
Bobby Lashley
100%
Braun Strowman
100%
Bray Wyatt
100%
Bret Hart
100%
Brie Bella
100%
Brock Lesnar
100%
Bushwhacker Butch
100%
Bushwhacker Luke
100%
Cactus Jack
100%
Cesaro
100%
Charlotte
100%
Chris Benoit
100%
Chris Jericho
100%
Christian
100%
Chyna
100%
CM Punk
100%
Cody Rhodes
100%
Damian Priest
100%
Daniel Bryan
100%
Dominik Mysterio
100%
Drew McIntyre
100%
Eddie Guerrero
100%
Edge
100%
El Grande Americano
100%
Faarooq
100%
Finn Balor
100%
Grand Master Sexay
100%
Gunther
100%
Harper
100%
Hulk Hogan
100%
Jack Swagger
100%
Jeff Hardy
100%
Jey Uso
100%
Jimmy Uso
100%
John Bradshaw Layfield
100%
John Cena
100%
Kane
100%
Kevin Owens
100%
Kofi Kingston
100%
Kurt Angle
100%
LA Knight
100%
Lita
100%
Liv Morgan
100%
Mabel
100%
Mankind
100%
Mark Henry
100%
Matt Hardy Version 1.0
100%
Michelle McCool
100%
Mickie James
100%
Mo
100%
Mr T
100%
Naomi
100%
Nicholas
100%
Nicole Polizzi
100%
Oba Femi
100%
Owen Hart
100%
Paige
100%
Penta
100%
Randy Orton
100%
Rey Mysterio
100%
Rhea Ripley
100%
Ric Flair
100%
Ricky Steamboat
100%
Rikishi
100%
Roddy Piper
100%
Roman Reigns
100%
Ronda Rousey
100%
Rowan
100%
Sami Zayn
100%
Sasha Banks
100%
Scotty 2 Hotty
100%
Seth Rollins
100%
Shane McMahon
100%
Shawn Michaels
100%
Sheamus
100%
Stone Cold Steve Austin
100%
The Miz
100%
The Rock
100%
The Ultimate Warrior
100%
The Undertaker
100%
Triple H
100%
Trish Stratus
100%
Victoria
100%
Yokozuna
100%
Zack Ryder
100%
Ahmed Johnson
50%
AJ Styles
50%
Aleister Black
50%
Andrade
50%
Andre The Giant
50%
Animal
50%
Austin Theory
50%
Ax
50%
Bad Bunny
50%
Bam Bam Bigelow
50%
Becky Lynch
50%
Billie Kay
50%
Bradshaw
50%
Butterbean
50%
Chavo Guerrero
50%
Diamond Dallas Page
50%
Diesel
50%
Doink The Clown
50%
Don Muraco
50%
Earthquake
50%
Fandango
50%
Floyd Mayweather
50%
Haku
50%
Hardcore Holly
50%
Hawk
50%
Irwin R. Schyster
50%
Iyo Sky
50%
Jade Cargill
50%
Jazz
50%
Jeff Jarrett
50%
Jim Duggan
50%
Jim Neidhart
50%
Jinder Mahal
50%
John Morrison
50%
Kelly Kelly
50%
King Kong Bundy
50%
Lawrence Taylor
50%
Layla
50%
Lex Luger
50%
Logan Paul
50%
Marc Mero
50%
Marty Jannetty
50%
Melina
50%
Mr. Kennedy
50%
Mr. McMahon
50%
Natalya
50%
Nia Jax
50%
Omos
50%
Peyton Royce
50%
Randy Savage
50%
Razor Ramon
50%
Rick Martel
50%
Road Dogg
50%
Rob Van Dam
50%
R-Truth
50%
Rusev
50%
Sabu
50%
Santina Marella
50%
Smash
50%
Taka Michinoku
50%
Tamina
50%
Tatanka
50%
Ted DiBiase
50%
The Boogeyman
50%
The Honky Tonk Man
50%
The Iron Sheik
50%
The Sandman
50%
Tiffany Stratton
50%
Tito Santana
50%
Tommy Dreamer
50%
Trick Williams
50%
Typhoon
50%
Vader
50%
Xavier Woods
50%
Adrian Adonis
0%
Akebono
0%
Akeem
0%
Alicia Fox
0%
Alundra Blayze
0%
Angelo Dawkins
0%
Apollo Crews
0%
Arn Anderson
0%
Bad News Brown
0%
Beth Phoenix
0%
Big Boss Man
0%
Booker T
0%
Brian Knobbs
0%
Brutus Beefcake
0%
Bull Buchanan
0%
Butch Reed
0%
Chainsaw Charlie
0%
Charlie Haas
0%
Chuck Palumbo
0%
Corporal Kirchner
0%
Dangerous Danny Davis
0%
Davey Boy Smith
0%
David Otunga
0%
Dean Ambrose
0%
Dino Bravo
0%
Dolph Ziggler
0%
Dusty Rhodes
0%
Dynamite Kid
0%
Elias
0%
Genichiro Tenryu
0%
Goldberg
0%
Grayson Waller
0%
Greg Valentine
0%
Haiti Kid
0%
Harley Race
0%
Hercules
0%
Hillbilly Jim
0%
Hoss Funk
0%
Hunter Hearst Helmsley
0%
Jacob Fatu
0%
Jake Roberts
0%
Jerry Sags
0%
Johnny Knoxville
0%
Junkyard Dog
0%
Koji Kitao
0%
Koko B. Ware
0%
Little Beaver
0%
Luna Vachon
0%
Lyra Valkyria
0%
Maria Menounos
0%
Maryse
0%
Michael Cole
0%
Montez Ford
0%
Mosh
0%
Mr. Perfect
0%
Nikki Bella
0%
Nikki Cross
0%
Nikolai Volkoff
0%
One Man Gang
0%
Otis
0%
Pat McAfee
0%
Pat Tanaka
0%
Rick Rude
0%
Rick Steiner
0%
Riddle
0%
Ridge Holland
0%
Rocky Maivia
0%
Sable
0%
Samoa Joe
0%
Santino Marella
0%
Sapphire
0%
Sato
0%
Scott Steiner
0%
Sgt. Slaughter
0%
Shayna Baszler
0%
Shelton Benjamin
0%
Tama
0%
Tazz
0%
Terri Runnels
0%
Terry Funk
0%
Test
0%
The Barbarian
0%
The Fabulous Moolah
0%
The Great Khali
0%
The Mountie
0%
The Red Rooster
0%
The Texas Tornado
0%
Thrasher
0%
Tom Zenk
0%
Torrie Wilson
0%
Tully Blanchard
0%
Vickie Guerrero
0%
Virgil
0%
Wendi Richter
0%
No matching quizzes found
Score Distribution
Percent of People with Each Score
Percentile by Number Answered
Your Score History
You have not taken this quiz since the last reset